[Event "11th Arad Open 2018"]
[Site "Arad"]
[Date "2018.08.09"]
[Round "6"]
[White "Aczel, Gergely"]
[Black "Gavrilescu, David"]
[Result "1/2-1/2"]
[WhiteElo "2551"]
[BlackElo "2468"]
[Annotator "TA"]
[PlyCount "99"]
[EventDate "2018.08.05"]
[EventType "swiss"]
[EventCountry "ROU"]
[SourceTitle "playchess.com"]
[Source "ChessBase"]
[SourceQuality "1"]

{[%evp 20,99,12,7,14,7,11,21,18,13,13,7,17,19,16,17,16,0,77,71,81,75,71,79,88,74,112,80,80,74,170,156,155,138,172,110,92,40,55,43,45,43,59,41,44,36,72,0,0,0,0,0,10,6,6,7,18,-5,-21,-10,0,0,0,0,0,0,0,0,0,0,0,0,0,0,0,0,0,0,0,0,0,0]} 1. Nf3 d5 2. g3 Bg4 3. Bg2 Nd7 4. c4 e6 5. d3 Ngf6 6. O-O c6 7. cxd5 exd5 8. h3 {A11: English Opening: 1...c6} Bxf3 9. Bxf3 Bc5 10. e3 O-O 11. Bg2 {LiveBook: 8 Games} Qe7 $146 ({Predecessor:} 11... Re8 12. Nd2 a5 13. Nf3 Qe7 {½-½ (67) Roiz,M (2644)-Pavasovic,D (2597) Heraklio 2007}) 12. Nd2 Rfe8 13. Qc2 a5 {[%cal Ba7a5,Ba5a4,Ba4a3][%mdl 32]} 14. Nf3 a4 15. Bd2 Bb4 16. Bc3 a3 17. Rfb1 Ra7 18. Bd4 Bc5 (18... Nc5 $11) 19. b4 $1 $36 {[%cal Rb4c5][%mdl 2048] White is really pushing.} Bxd4 20. Nxd4 Rea8 21. Rb3 Ne8 22. h4 Nd6 23. Bh3 g6 24. Rc1 f5 (24... Ra4 $16 {was called for.}) 25. Bg2 $18 Kg7 26. Qd2 Qf6 {[#]} 27. Qc3 (27. b5 $1 $18) 27... Kh8 $16 28. h5 (28. Qc2 $16) 28... gxh5 $14 29. b5 c5 30. Ne2 Qxc3 31. Rcxc3 c4 32. Rb1 Nb6 {[#]} 33. Nf4 (33. dxc4 $1 $16 dxc4 34. Rd1 Nxb5 35. Rc2) 33... Ra5 $11 {The position is equal.} 34. Rcc1 ({Reject} 34. Bxd5 Rxb5 35. Rxb5 Nxb5 $15) (34. Rc2 {keeps more tension.} Rxb5 35. Rxb5 Nxb5 36. dxc4 dxc4 37. Bxb7 Rd8 38. Bc6) 34... Rxb5 35. dxc4 dxc4 {[%cal Bd5c4,Bc4c3,Bc3c2][%mdl 32] ...Rb2 is the strong threat.} 36. Rxb5 Nxb5 37. Bxb7 Rd8 38. Bc6 ({Worse is} 38. Nxh5 Rd2 $17) 38... Na7 39. Rb1 $1 {[%cal Rb1b6]} c3 40. Rxb6 c2 $1 {[%cal Rc2c1]} 41. Ne2 Rd2 $1 {[%cal Rd2e2]} 42. Ba4 {Threatens to win with Bxc2.} Rxe2 {[%mdl 4096] Endgame KRB-KRN} 43. Rb8+ Kg7 {[#]} 44. Bxc2 $1 {[%mdl 512]} Rxc2 {KRN-KR} (44... Nc6 $5 45. Rb7+ $8 Kf6 $11) 45. Rb7+ Kf6 46. Rxa7 Rxa2 {And now ...Ke5 would win.} 47. Ra5 Ke6 48. Kg2 Kf6 49. Kf3 Ke6 50. Kg2 {Precision: White = 64%, Black = 57%.} 1/2-1/2

[Event "11th Arad Open 2018"]
[Site "Arad"]
[Date "2018.08.09"]
[Round "6"]
[White "Jianu, Vlad-Cristian"]
[Black "Petrisor, Adrian-Marian"]
[Result "1-0"]
[WhiteElo "2542"]
[BlackElo "2416"]
[Annotator "TA"]
[PlyCount "79"]
[EventDate "2018.08.05"]
[EventType "swiss"]
[EventCountry "ROU"]
[SourceTitle "playchess.com"]
[Source "ChessBase"]
[SourceQuality "1"]

{[%evp 14,79,32,9,62,64,62,46,59,57,94,96,109,15,9,6,66,65,108,123,116,122,135,66,77,54,43,48,48,46,40,42,59,56,105,124,143,136,135,143,143,143,143,137,136,136,136,137,139,139,139,135,131,135,221,181,174,180,172,167,168,0,0,0,162,170,250,247]} 1. d4 Nf6 2. c4 e6 3. Nf3 Bb4+ 4. Nbd2 d5 5. Qa4+ Nc6 6. a3 Be7 7. g3 {E11: Bogo-Indian} (7. e3 a5 8. Qc2 a4 9. cxd5 exd5 10. Bb5 O-O 11. Bxa4 Bd7 12. Bxc6 Bxc6 13. O-O Ra6 14. Re1 Bd6 15. Nf1 {½-½ (34) Korobov,A (2680)-Kuzubov,Y (2661) Lvov 2014}) 7... O-O 8. Bg2 {LiveBook: 8 Games} dxc4 (8... a5 $11) 9. Qxc4 $14 {White is slightly better.} Bd6 $146 ({Predecessor:} 9... Qd5 10. O-O Rd8 11. e3 Rb8 12. b4 Qxc4 13. Nxc4 a6 14. Bb2 Bd7 {1-0 (38) Nikcevic,N (2335)-Zupe,M (2330) Pula 1990}) 10. Qc3 Re8 11. Nc4 $1 Bf8 12. O-O a5 13. Rd1 (13. Nce5 $16) 13... e5 $1 $11 14. Bg5 {[%cal Rd4e5]} e4 (14... exd4 $11 15. Nxd4 Ne4 16. Bxe4 (16. Bxd8 Nxc3 17. bxc3 Nxd8 $14) 16... Qxg5 17. Bxc6 bxc6) 15. Nfe5 $14 Qd5 16. Bxf6 gxf6 17. Ne3 Qb5 18. Nxc6 (18. Qc4 $16 Qxc4 19. N5xc4) 18... Qxc6 19. Qxc6 bxc6 20. Rac1 Bd7 21. Rc4 Rab8 22. Rd2 $36 {[%mdl 2048] White has some pressure.} Rb3 23. d5 c5 24. Rxe4 Bh6 {...Rxe4 is the strong threat.} 25. Rxe8+ Bxe8 26. Rc2 Ba4 27. Ng4 Bf8 28. Nxf6+ Kg7 {[#]} 29. Ne4 $1 {[%cal Re4c5]} Rxa3 30. Rc1 ({Resist} 30. bxa3 Bxc2 31. Nd2 a4 $11) 30... Rb3 31. Nxc5 Bxc5 32. Rxc5 Rxb2 33. Rxa5 $16 {[%mdl 4096] Endgame KRB-KRB} Bd7 (33... Bb5 $16 {was worth a try.}) 34. h3 Rxe2 {[#]} 35. Rc5 $1 Re1+ 36. Kh2 Re2 37. Kg1 Re1+ $1 38. Kh2 Re2 $1 39. Rxc7 Bf5 (39... Bb5 {was called for.} 40. Rc5 Bd7) 40. g4 {Precision: White = 60%, Black = 60%.} 1-0

[Event "11th Arad Open 2018"]
[Site "Arad"]
[Date "2018.08.09"]
[Round "6"]
[White "Balog, Imre"]
[Black "Georgiev, Kiril"]
[Result "1-0"]
[WhiteElo "2540"]
[BlackElo "2593"]
[Annotator "TA"]
[PlyCount "86"]
[EventDate "2018.08.05"]
[EventType "swiss"]
[EventCountry "ROU"]
[SourceTitle "playchess.com"]
[Source "ChessBase"]
[SourceQuality "1"]

{[%evp 18,86,0,0,30,14,22,28,33,36,43,42,66,49,57,40,53,29,45,27,26,31,34,48,43,55,58,49,67,33,49,0,54,35,112,106,96,109,117,103,120,0,0,0,0,0,5,5,12,12,202,200,475,475,470,439,712,850,798,537,953,912,932,864,1350,1355,2189,2030,1269,1646,29985]} 1. d4 Nf6 2. Nf3 e6 3. c4 d5 4. Nc3 c5 5. cxd5 Nxd5 6. e3 cxd4 {D41: Queen's Gambit Declined: Semi-Tarrasch with 5 cxd5} 7. exd4 Nxc3 8. bxc3 Qc7 9. Qc2 (9. Bd2 Nd7 10. Ng5 Nf6 11. Qf3 Bd6 12. Bd3 Bd7 13. Rb1 Bc6 14. Bb5 {0-1 (162) Yu,Y (2760)-Shimanov,A (2641) chess.com INT 2018}) 9... Nd7 10. Bd3 {LiveBook: 3 Games} Bd6 11. O-O h6 $146 ({Predecessor:} 11... b6 12. c4 Bb7 13. d5 O-O-O 14. Nd4 Nc5 {½-½ (53) Erwich,F (2331)-Helbig,M (2256) Germany 2013}) 12. Qe2 O-O 13. c4 {[%cal Bc3c4,Bc4c5][%mdl 32]} Nf6 14. c5 Be7 15. Ne5 Rd8 16. Be3 Nd5 17. Bd2 f5 18. f4 Bf6 19. Rac1 Bd7 20. g4 $36 {[%cal Bg2g4,Bg4g5][%mdl 2080] White has some pressure.} Ne7 21. Bc4 Kh7 22. Be3 Rf8 23. h3 Rad8 24. g5 Bxe5 ({Black should try} 24... hxg5 $11 25. Qh5+ Kg8) 25. fxe5 Qc6 {[#]} (25... Qc8 $14) 26. Kh2 $1 $16 {Black must now prevent gxh6.} Be8 27. gxh6 gxh6 28. Rg1 {And now Bd3 would win.} Qe4 29. Rg4 ({Not} 29. Bxe6 $2 Rxd4 30. Qe1 Qxe5+ 31. Qg3 Qxg3+ 32. Rxg3 Re4 $19) ({Better is} 29. Bd3 $16 Qh4 30. Rb1 (30. Qg2 Rg8 $14)) 29... fxg4 $11 30. Bd3 $1 {[%cal Rd3e4] [#]} g3+ $1 31. Kg1 $1 {[#]} (31. Kxg3 Nf5+) 31... Qxd3 $1 {[%mdl 512]} 32. Qxd3+ Nf5 33. Rf1 {Hoping for Qb3.} Bg6 $2 {[#]} (33... Bc6 $11) 34. Qb3 $1 $18 Rf7 $2 (34... Nxe3 35. Qxe3 Rxf1+ 36. Kxf1 Bf5) 35. Qxe6 {Threatens to win with Rxf5!White is clearly winning.} Rdf8 36. Qb3 Ng7 (36... g2 $142 37. Rf3 Bh5) 37. Rxf7 Rxf7 38. Bd2 g2 39. e6 Rf1+ 40. Kxg2 Rb1 41. Qe3 Nf5 42. Qf4 Rb2 43. d5 Ne7 {Precision: White = 69%, Black = 34%.} 1-0

[Event "11th Arad Open 2018"]
[Site "Arad"]
[Date "2018.08.09"]
[Round "6"]
[White "Deepan Chakkravarthy J"]
[Black "Toma, Radu-Cristian"]
[Result "1-0"]
[WhiteElo "2530"]
[BlackElo "2354"]
[Annotator "ChessBase"]
[PlyCount "73"]
[EventDate "2018.08.05"]
[EventType "swiss"]
[EventCountry "ROU"]
[SourceTitle "playchess.com"]
[Source "ChessBase"]
[SourceQuality "1"]
[TimeControl "40/5400+30:1800+30"]

1. Nf3 {[%emt 0:00:00]} Nf6 {[%emt 0:04:30]} 2. g3 {[%emt 0:00:00]} g6 {[%emt 0:04:07]} 3. Bg2 {[%emt 0:00:00]} Bg7 {[%emt 0:00:07]} 4. O-O {[%emt 0:00:00]} O-O {[%emt 0:00:05]} 5. d3 {[%emt 0:00:18]} d5 {[%emt 0:01:45]} 6. a4 {[%emt 0:02:30]} c5 {[%emt 0:06:00]} 7. Nbd2 {[%emt 0:03:37]} Nc6 {[%emt 0:01:43]} 8. e4 {[%emt 0:00:13]} dxe4 {[%emt 0:01:06]} 9. dxe4 {[%emt 0:00:07]} Qb6 {[%emt 0:04:53]} 10. c3 {[%emt 0:06:57]} h6 {[%emt 0:04:35]} 11. Nc4 {[%emt 0:16:47]} Qa6 {[%emt 0:01:59]} 12. Nfe5 {[%emt 0:00:58]} Rd8 {[%emt 0:15:00]} 13. Qc2 {[%emt 0:01:59]} Nxe5 {[%emt 0:02:49]} 14. Nxe5 {[%emt 0:00:03]} Ng4 {[%emt 0:01:01]} 15. Nxg4 {[%emt 0:05:49]} Bxg4 {[%emt 0:01:45]} 16. Re1 {[%emt 0:00:10]} Rac8 {[%emt 0:16:35]} 17. Be3 {[%emt 0:05:34]} b6 {[%emt 0:00:27]} 18. f4 {[%emt 0:01:55]} Qd3 {[%emt 0:07:41]} 19. Qf2 {[%emt 0:00:32]} Qd7 {[%emt 0:02:11]} 20. a5 {[%emt 0:08:46]} e5 {[%emt 0:00:42]} 21. Qf1 {[%emt 0:07:52]} exf4 {[%emt 0:02:02]} 22. gxf4 {[%emt 0:00:05]} b5 {[%emt 0:02:34]} 23. a6 {[%emt 0:02:52]} b4 {[%emt 0:05:11]} 24. e5 {[%emt 0:00:25]} g5 {[%emt 0:00:16]} 25. fxg5 {[%emt 0:14:21]} bxc3 {[%emt 0:01:09]} 26. bxc3 {[%emt 0:00:32]} Bxe5 {[%emt 0:00:11]} 27. gxh6 {[%emt 0:00:11]} Bxc3 {[%emt 0:01:20]} 28. Rac1 {[%emt 0:00:07]} Bd4 {[%emt 0:00:54]} 29. Bxd4 {[%emt 0:00:13]} Qxd4+ {[%emt 0:00:08]} 30. Kh1 {[%emt 0:00:02]} Be6 {[%emt 0:03:31]} 31. Re4 {[%emt 0:05:01]} Qd2 {[%emt 0:00:16]} 32. h7+ {[%emt 0:14:17]} Kxh7 {[%emt 0:01:10]} 33. Rxe6 {[%emt 0:00:15]} fxe6 {[%emt 0:00:08]} 34. Qf7+ {[%emt 0:00:08]} Kh8 {[%emt 0:00:24]} 35. Qf6+ {[%emt 0:00:48]} Kg8 {[%emt 0:00:24]} 36. Qxe6+ {[%emt 0:00:59]} Kg7 {[%emt 0:00:20]} 37. Qe7+ {[%emt 0:00:42]} 1-0

[Event "11th Arad Open 2018"]
[Site "Arad"]
[Date "2018.08.09"]
[Round "6"]
[White "Georgescu, Tiberiu-Marian"]
[Black "Mastrovasilis, Dimitrios"]
[Result "1/2-1/2"]
[WhiteElo "2495"]
[BlackElo "2586"]
[Annotator "ChessBase"]
[PlyCount "22"]
[EventDate "2018.08.05"]
[EventType "swiss"]
[EventCountry "ROU"]
[SourceTitle "playchess.com"]
[Source "ChessBase"]
[SourceQuality "1"]
[TimeControl "40/5400+30:1800+30"]

1. d4 {[%emt 0:00:00]} d5 {[%emt 0:00:00]} 2. c4 {[%emt 0:00:00]} c6 {[%emt 0:00:12]} 3. Nf3 {[%emt 0:00:00]} Nf6 {[%emt 0:00:18]} 4. e3 {[%emt 0:00:00]} Bf5 {[%emt 0:00:32]} 5. Nc3 {[%emt 0:00:02]} a6 {[%emt 0:00:21]} 6. Bd3 {[%emt 0:06:50]} Bxd3 {[%emt 0:01:42]} 7. Qxd3 {[%emt 0:00:03]} e6 {[%emt 0:00:21]} 8. O-O {[%emt 0:00:30]} Be7 {[%emt 0:02:57]} 9. e4 {[%emt 0:01:37]} O-O {[%emt 0:00:33]} 10. Bg5 {[%emt 0:10:04]} dxe4 {[%emt 0:08:00]} 11. Nxe4 {[%emt 0:00:08]} Nxe4 {[%emt 0:00:30]} 1/2-1/2

[Event "11th Arad Open 2018"]
[Site "Arad"]
[Date "2018.08.09"]
[Round "6"]
[White "Stany, G A"]
[Black "Antal, Gergely"]
[Result "1/2-1/2"]
[WhiteElo "2494"]
[BlackElo "2549"]
[Annotator "ChessBase"]
[PlyCount "40"]
[EventDate "2018.08.05"]
[EventType "swiss"]
[EventCountry "ROU"]
[SourceTitle "playchess.com"]
[Source "ChessBase"]
[SourceQuality "1"]
[TimeControl "40/5400+30:1800+30"]

1. e4 {[%emt 0:00:00]} c6 {[%emt 0:00:00]} 2. d4 {[%emt 0:00:00]} d5 {[%emt 0:00:00]} 3. exd5 {[%emt 0:00:00]} cxd5 {[%emt 0:00:00]} 4. c4 {[%emt 0:00:00]} Nf6 {[%emt 0:00:00]} 5. Nc3 {[%emt 0:00:00]} Nc6 {[%emt 0:00:00]} 6. Nf3 {[%emt 0:00:00]} Be6 {[%emt 0:00:37]} 7. c5 {[%emt 0:00:01]} g6 {[%emt 0:00:44]} 8. Bb5 {[%emt 0:00:05]} Bg7 {[%emt 0:00:07]} 9. Ne5 {[%emt 0:00:03]} Qc8 {[%emt 0:00:07]} 10. Qa4 {[%emt 0:06:57]} Bd7 {[%emt 0:00:06]} 11. O-O {[%emt 0:00:06]} O-O {[%emt 0:10:27]} 12. Re1 {[%emt 0:00:22]} Re8 {[%emt 0:13:58]} 13. Bg5 {[%emt 0:11:36]} Nxe5 {[%emt 0:01:52]} 14. dxe5 {[%emt 0:01:06]} Bxb5 {[%emt 0:00:34]} 15. Qxb5 {[%emt 0:00:06]} Ne4 {[%emt 0:00:05]} 16. Nxe4 {[%emt 0:03:13]} dxe4 {[%emt 0:00:55]} 17. Bf4 {[%emt 0:00:04]} Qf5 {[%emt 0:02:29]} 18. Bg3 {[%emt 0:05:02]} Bxe5 {[%emt 0:00:52]} 19. Bxe5 {[%emt 0:10:54]} Qxe5 {[%emt 0:00:03]} 20. Qxb7 {[%emt 0:00:06]} Rab8 {[%emt 0:17:55]} 1/2-1/2

[Event "11th Arad Open 2018"]
[Site "Arad"]
[Date "2018.08.09"]
[Round "6"]
[White "Swayams, Mishra"]
[Black "Roubalik, Jakub"]
[Result "1/2-1/2"]
[WhiteElo "2467"]
[BlackElo "2402"]
[Annotator "RC"]
[PlyCount "73"]
[EventDate "2018.08.05"]
[EventType "swiss"]
[EventCountry "ROU"]
[SourceTitle "playchess.com"]
[Source "ChessBase"]
[SourceQuality "1"]
[TimeControl "40/5400+30:1800+30"]

1. Nf3 {[%emt 0:04:32]} Nf6 {[%emt 0:00:00]} 2. c4 {[%emt 0:00:41]} e6 {[%emt 0:01:10]} 3. Nc3 {[%emt 0:00:10]} Bb4 {[%emt 0:04:38]} 4. Qc2 {[%emt 0:00:07]} b6 {[%emt 0:02:18]} 5. e4 {[%emt 0:00:04]} Bxc3 {[%emt 0:00:45]} 6. dxc3 {[%emt 0:00:06]} d6 {[%emt 0:01:06]} 7. e5 {[%emt 0:00:06]} dxe5 {[%emt 0:04:44]} 8. Nxe5 {[%emt 0:00:20]} O-O {[%emt 0:03:12]} 9. Bg5 {[%emt 0:02:08]} Qd6 {[%emt 0:05:34]} 10. f4 {[%emt 0:13:57]} Bb7 {[%emt 0:10:12]} 11. Bd3 {[%emt 0:01:10]} h6 {[%emt 0:32:41]} 12. Bh4 {[%emt 0:08:02]} Nbd7 {[%emt 0:01:39]} 13. O-O-O {[%emt 0:04:31]} Nxe5 {[%emt 0:03:20]} 14. Bh7+ {[%emt 0:00:16]} Nxh7 {[%emt 0:00:03]} 15. Rxd6 {[%emt 0:00:06]} cxd6 {[%emt 0:00:07]} 16. fxe5 {[%emt 0:00:05]} dxe5 {[%emt 0:00:11]} 17. Rd1 {[%emt 0:01:12]} Rfc8 {[%emt 0:01:02]} 18. Qe2 {[%emt 0:08:36]} Nf8 {[%emt 0:00:41]} 19. Qxe5 {[%emt 0:02:00]} Ng6 {[%emt 0:01:35]} 20. Qd4 {[%emt 0:00:40]} Bxg2 {[%emt 0:08:41]} 21. Bg3 {[%emt 0:01:20]} Bh3 {[%emt 0:01:17]} 22. Bd6 {[%emt 0:02:22]} Bf5 {[%emt 0:01:58]} 23. b3 {[%emt 0:03:07]} Rc6 {[%emt 0:01:38]} 24. c5 {[%emt 0:02:56]} Rac8 {[%emt 0:04:33]} 25. b4 {[%emt 0:00:21]} bxc5 {[%emt 0:00:22]} 26. Bxc5 {[%emt 0:00:06]} e5 {[%emt 0:00:10]} 27. Qe3 {[%emt 0:01:04]} Nf4 {[%emt 0:03:33]} 28. Kb2 {[%emt 0:01:39]} a5 {[%emt 0:03:26]} 29. a3 {[%emt 0:04:20]} axb4 {[%emt 0:01:16]} 30. axb4 {[%emt 0:00:11]} Rg6 {[%emt 0:01:10]} 31. Rd2 {[%emt 0:00:52]} Ra8 {[%emt 0:00:14]} 32. b5 {[%emt 0:03:00]} Be6 {[%emt 0:01:01]} 33. Ba7 {[%emt 0:01:31]} Nd5 {[%emt 0:01:34]} 34. Qxe5 {[%emt 0:02:48]} Rg5 {[%emt 0:00:34]} 35. Qd4 {[%emt 0:02:40]} Nxc3 {[%emt 0:00:26]} 36. b6 {[%emt 0:04:27]} Rc8 {[%emt 0:00:01]} 37. Qd8+ {[%emt 0:10:59]} 1/2-1/2

[Event "11th Arad Open 2018"]
[Site "Arad"]
[Date "2018.08.09"]
[Round "6"]
[White "Cioara, Andrei-Nestor"]
[Black "Vrencian, Lehel"]
[Result "0-1"]
[WhiteElo "2435"]
[BlackElo "2293"]
[Annotator "TA"]
[PlyCount "92"]
[EventDate "2018.08.05"]
[EventType "swiss"]
[EventCountry "ROU"]
[SourceTitle "playchess.com"]
[Source "ChessBase"]
[SourceQuality "1"]

{[%evp 10,92,54,35,31,17,35,7,26,-109,-95,-93,-95,-109,-96,-110,-111,-109,-106,-116,-118,-118,-88,-82,-71,-86,-79,-110,-113,-140,-130,-142,-108,-116,-117,-108,-108,-142,-93,-109,-97,-137,-132,-133,-129,-153,-111,-153,-144,-140,-127,-154,-155,-182,-179,-209,-130,-109,-75,-71,-79,-123,-114,-193,-185,-244,-220,-278,-219,-219,-183,-171,-133,-315,-260,-263,-256,-450,-411,-430,-395,-385,-388,-441,-458]} 1. d4 d5 2. c4 dxc4 3. e4 Nf6 {[%cal Bg8f6,Bf6d5,Bd5c3][%mdl 32]} 4. e5 Nd5 5. Bxc4 Nc6 6. Ne2 {LiveBook: 60 Games. D20: Queen's Gambit Accepted: 3 e3 and 3 e4} (6. Nf3 Nb6 7. Bb3 Bg4 8. Ng5 Bxd1 9. Bxf7+ Kd7 10. Be6+ Ke8 11. Bf7+ Kd7 {½-½ (11) Aleksandrov,A (2588)-Stupak,K (2586) Baku 2017}) 6... Bg4 7. f3 Bf5 8. a3 $146 {White is slightly better.} ({Predecessor:} 8. Nbc3 Nb6 9. Bb3 e6 10. Be3 Qd7 11. O-O Be7 12. Rc1 O-O-O 13. Ne4 Kb8 {0-1 (65) Lupik,M (2209)-Chistiakova,T (2308) Smolensk 2007}) 8... e6 {Threatens to win with ...Nxe5!} 9. Nbc3 (9. O-O $11 {remains equal.}) 9... Nxc3 $17 10. bxc3 {[#]} Nxe5 $1 {[%cal Bc6e5,Be5d7,Bd7b6,Bb6d5][%mdl 544]} 11. Qa4+ (11. dxe5 Qh4+) 11... Nd7 12. Ng3 Bg6 13. O-O c6 {And now ...b5 would win.} 14. Qd1 Be7 15. f4 Nb6 16. Bb3 O-O 17. Qf3 Bf6 18. Be3 Nd5 19. Bf2 Qb6 20. Ba2 Qc7 21. Ne2 Be7 22. c4 Nf6 23. g4 Qa5 24. Ng3 h5 {[%cal Bh7h5,Bh5h4][%mdl 32]} (24... Qxa3 25. Bb3 $16) 25. h3 h4 26. Ne2 Qxa3 27. Bb3 Qb4 ({Weaker is} 27... Be4 28. Qe3 $14) 28. Be1 {[#]} Qd6 $1 29. Bxh4 c5 30. d5 Be4 31. Qe3 exd5 32. cxd5 c4 33. Bxc4 Qc5 34. Qxc5 Bxc5+ 35. Kh2 Bxd5 ({Resist} 35... Nxd5 36. Ng3 $11) 36. Bd3 (36. Rfc1 $17 Rad8 37. Bxd5 Rxd5 38. Bxf6 gxf6 39. Rc2) 36... Ne4 $19 37. Rad1 (37. Bxe4 {was called for.} Bxe4 38. Ng3) 37... Bc6 38. Bc4 Rfe8 39. Nd4 Ba4 40. Rd3 Rac8 41. Nf5 $2 (41. Ra1 $17 Be7 42. Bxe7 Rxc4 43. Nf5) 41... Bb4 42. Rd4 Nd2 43. Rxd2 $2 (43. Bxf7+ {was the only defense.} Kxf7 44. Rxb4 Nxf1+ 45. Kg1) 43... Bxd2 44. Nd6 {[#]} Rxc4 $1 45. Nxc4 Re2+ 46. Kg3 Bc6 {Precision: White = 45%, Black = 81%.} 0-1

[Event "11th Arad Open 2018"]
[Site "Arad"]
[Date "2018.08.09"]
[Round "6"]
[White "David, Alexandru-Vasile"]
[Black "Vajda, Levente"]
[Result "0-1"]
[WhiteElo "2421"]
[BlackElo "2558"]
[Annotator "TA"]
[PlyCount "84"]
[EventDate "2018.08.05"]
[EventType "swiss"]
[EventCountry "ROU"]
[SourceTitle "playchess.com"]
[Source "ChessBase"]
[SourceQuality "1"]

{[%evp 18,84,59,52,69,32,80,88,69,52,61,64,68,31,63,14,84,0,-14,-14,0,0,0,-12,18,0,16,0,0,0,77,70,60,45,74,64,163,181,175,137,131,138,107,106,202,202,172,105,110,86,144,68,75,70,54,-22,-14,-43,0,-141,0,-8,-41,-304,-304,-29977,-29978,-6698,-6399]} 1. d4 Nf6 2. c4 g6 3. Nc3 Bg7 4. e4 O-O 5. Nf3 d6 6. Be2 Nbd7 7. O-O e5 8. Be3 c6 9. Qc2 Qe7 10. Rfe1 {LiveBook: 29 Games} b6 {E94: King's Indian: Classical: 6 Be2 e5 7 0-0: Various Black 7th moves} 11. b4 $146 ({Predecessor:} 11. Rad1 Bb7 12. dxe5 dxe5 13. Rd2 h6 14. h3 Nh5 15. Red1 Rfd8 16. g3 Nf8 17. Rxd8 Rxd8 18. Rxd8 Qxd8 19. Qd2 Qc8 20. Bxh6 Qxh3 21. Bxg7 Kxg7 22. Qd6 Nd7 23. Ng5 {1-0 (23) Girya,O (2484)-Michna,M (2377) Riadh 2017}) 11... Bb7 12. d5 Rfc8 {White is better.} 13. Qb3 Rc7 14. Rad1 Qf8 15. g3 Rac8 16. h3 {[%cal Bh2h3,Bh3h4][%mdl 32]} Bh6 (16... b5 $11 {remains equal.}) 17. Ng5 (17. Bxh6 $16 Qxh6 18. h4) 17... cxd5 $11 18. exd5 {Threatens to win with Nb5.} Ba6 {[%cal Ra6c4]} 19. b5 Bb7 20. h4 Rd8 21. Qa3 Ne8 22. Nce4 Bg7 23. h5 Bc8 (23... gxh5 $11 24. Bxh5 Ndf6 25. Nxf6+ (25. Qxa7 Nxh5 26. Qxb6 Qe7 $17) 25... Nxf6) 24. hxg6 $16 hxg6 25. Kg2 $36 {[%mdl 2048] White is more active.} Ndf6 26. Nxf6+ Bxf6 (26... Nxf6 $14 27. Rh1 Qe7) 27. Rh1 $18 Qe7 28. Qc1 Bg7 29. Ne4 Bf5 30. f3 Rdc8 (30... Ra8 $16 {was worth a try.}) 31. Bh6 $1 Qf8 32. Bxg7 (32. Rh4 $18) 32... Qxg7 $16 33. Ng5 Nf6 {[#]} (33... f6 $142) 34. g4 (34. Rh4 $1 $16) 34... Bd7 $14 {And now ...Bxb5! would win.} 35. a4 e4 36. fxe4 ({Better is} 36. Nxe4 $14 Nxe4 37. fxe4) 36... Bxg4 $11 37. Bxg4 Nxg4 38. Qf4 (38. Rh7 $1 $11 {was the only way to keep the balance.} Qf6 39. Rf1) 38... Nf6 (38... Rxc4 $17 39. Qxg4 Qb2+ 40. Kg3 Rc2) 39. Rdf1 Nh5 40. Qg4 $2 {[%mdl 8192]} ({White should play} 40. Qxd6 $15 Rxc4 41. Rf2 (41. Rxf7 $2 Rc2+ 42. Kf3 Rf2+ 43. Kg4 Rxf7 $19)) 40... Rxc4 $19 41. Rxf7 $2 (41. Nxf7 $19 Rc2+ 42. Kh3) 41... Rc2+ 42. Kh3 {[#]} Qh6 $1 {Precision: White = 36%, Black = 36%.} 0-1

[Event "11th Arad Open 2018"]
[Site "Arad"]
[Date "2018.08.09"]
[Round "6"]
[White "Sanduleac, Vasile"]
[Black "Patrascu, Catalin-Lucian"]
[Result "1-0"]
[WhiteElo "2420"]
[BlackElo "2286"]
[Annotator "TA"]
[PlyCount "109"]
[EventDate "2018.08.05"]
[EventType "swiss"]
[EventCountry "ROU"]
[SourceTitle "playchess.com"]
[Source "ChessBase"]
[SourceQuality "1"]

{[%evp 19,109,8,16,-14,28,7,9,0,27,11,39,15,29,10,10,7,0,4,27,25,20,20,23,12,10,0,0,0,0,0,3,0,0,0,0,0,0,0,0,-5,0,0,0,0,0,0,19,0,0,-7,0,0,8,0,0,0,0,0,14,0,0,0,0,0,0,0,6,6,3,6,18,4,14,0,19,6,5,6,28,0,0,0,0,0,30,63,190,189,1226,1200,1836,1778]} 1. e4 {[%cal Be2e4,Be4e5][%mdl 32]} c5 2. Nf3 e6 3. c3 Nf6 4. e5 Nd5 5. g3 d6 6. Bg2 Nc6 7. exd6 Bxd6 8. O-O O-O 9. d4 cxd4 10. Nxd4 Bd7 {LiveBook: 19 Partien. B22: Sizilianisch (Alapin 2.c3)} 11. Nf5 $146 ({Vorgänger:} 11. Nxc6 Bxc6 12. Nd2 Rc8 13. Re1 b5 14. Nf3 a6 15. Qd3 Bc5 16. Qe2 Nb6 17. Be3 Bxe3 18. Qxe3 {½-½ (26) Rakhmanov,A (2640)-Pantsulaia,L (2598) Al Ain 2015}) 11... Be5 (11... exf5 {feels hotter.} 12. Qxd5 Be6 13. Qb5 Qc7 14. Nd2 Rfe8) 12. Ne3 Nxe3 {Die Stellung ist ausgeglichen.} 13. Bxe3 Na5 14. Qe2 {zielt auf Lc5 ab.} Qc7 15. Nd2 Bc6 16. Bxc6 Nxc6 17. Nc4 Rfd8 18. Rfd1 b5 19. Nxe5 Qxe5 20. Qf3 Qc7 21. Bf4 Qb6 22. Qe4 h6 23. Be3 Qc7 24. Qg4 Kh7 25. Qh5 a6 26. Qc5 Rac8 27. Qb6 Qxb6 28. Bxb6 Rxd1+ 29. Rxd1 $11 {[%mdl 4096] Endspiel KTL-KTS} Ne5 30. Be3 Nc4 31. Bc1 Kg6 32. Kf1 Kf6 33. Rd7 Rc6 34. Ke2 Nb6 35. Ra7 Nd5 36. Bd2 e5 37. f3 Ke6 38. Ra8 Ne7 39. Be3 Nc8 40. Rb8 Kd7 {[#] Weiss muss nun ...Kc7 beachten.} 41. Rb7+ Ke6 42. g4 Nd6 43. Rb8 Nc4 44. Bc1 Nd6 45. Rg8 Kf6 46. Rb8 Ke6 47. h4 h5 48. gxh5 Rc4 49. Rb6 {b3 ist eine echte Drohung.} (49. f4 $5) 49... Rxh4 50. Rxa6 Rxh5 51. b3 {Droht stark La3.} Kd5 52. Ba3 {[%csl Ga3][%cal Ra6d6]} Rh6 {[#]} (52... Rh2+ $14 53. Ke3 Rh6 54. Bxd6 Rxd6) 53. Rb6 $1 $18 e4 $2 (53... Nc8 54. Rxb5+ Kc6 55. Rxe5 Rh2+ 56. Kd3 Rxa2) 54. Rxd6+ Rxd6 55. fxe4+ {Precision: Weiß = 52%, Schwarz = 52%.} 1-0